[Event "SVR-ch MTB 35th"]
[Site "Nickenich"]
[Date "2012.04.01"]
[Round "4"]
[White "Kutzner, Stephen"]
[Black "Murati, Bujar Gregor Ramon"]
[Result "1/2-1/2"]
[WhiteElo "1969"]
[BlackElo "1944"]
[PlyCount "97"]
[EventDate "2012.03.30"]
[EventType "tourn"]
[EventRounds "9"]
[EventCountry "GER"]
[SourceTitle "EXT 2013"]
[Source "ChessBase"]
[SourceDate "2012.11.22"]
[SourceVersion "1"]
[SourceVersionDate "2012.11.22"]
[SourceQuality "1"]

1. e4 c6 2. d4 d5 3. e5 Bf5 4. Nc3 Qb6 5. g4 Bd7 6. Bg2 e6 7. Nge2 c5 8. 0-0 cxd4 9. Nxd4 Nc6 10. Be3 Nxd4 11. Qxd4 Qxd4 12. Bxd4 Ne7 13. Bc5 Nc6 14. Bxf8 Rxf8 15. Rfe1 Nd4 16. Rac1 Rc8 17. Red1 Rxc3 18. Rxd4 Rc7 19. c3 Ke7 20. Bf1 b5 21. Re1 a5 22. Re3 h6 23. h4 Rb8 24. g5 hxg5 25. hxg5 g6 26. Rh4 b4 27. cxb4 axb4 28. Rb3 Rcb7 29. Rf4 Ba4 30. Rbf3 Be8 31. Rb3 Kd7 32. a3 bxa3 33. Rxb7+ Rxb7 34. bxa3 Kc6 35. Ra4 Kc5 36. Ra8 Bc6 37. a4 Rc7 38. Ra6 Kd4 39. a5 Kxe5 40. Rb6 d4 41. a6 Kf4 42. Rxc6 Rxc6 43. a7 Rc8 44. Bg2 Rc1+ 45. Kh2 Ra1 46. a8Q Rxa8 47. Bxa8 d3 48. Kg2 d2 49. Bf3 1/2-1/2

[Event "SVR-ch MTB 35th"]
[Site "Nickenich"]
[Date "2012.03.30"]
[Round "1"]
[White "Fink, Christian"]
[Black "Murati, Bujar Gregor Ramon"]
[Result "1-0"]
[WhiteElo "2100"]
[BlackElo "1944"]
[PlyCount "57"]
[EventDate "2012.03.30"]
[EventType "tourn"]
[EventRounds "9"]
[EventCountry "GER"]
[SourceTitle "EXT 2013"]
[Source "ChessBase"]
[SourceDate "2012.11.22"]
[SourceVersion "1"]
[SourceVersionDate "2012.11.22"]
[SourceQuality "1"]

1. e4 c6 2. d3 d6 3. g3 g6 4. Bg2 Bg7 5. Ne2 Nf6 6. 0-0 0-0 7. h3 c5 8. f4 Nc6 9. c3 e5 10. f5 d5 11. Qc2 c4 12. fxg6 hxg6 13. dxc4 Qb6+ 14. Kh2 dxc4 15. Nd2 Be6 16. Nf3 Rad8 17. Ng5 Bc8 18. Rf3 Nh7 19. Nxh7 Kxh7 20. Be3 Qa5 21. Raf1 f6 22. Nc1 Be6 23. h4 Nb8 24. Bh3 Bg8 25. h5 Bf7 26. Rxf6 Bxf6 27. Rxf6 Kg7 28. Qf2 Nd7 29. h6+ 1-0